00523nam a2200169Ia 45000010006000000050017000060080041000230200007000640400013000710820024000842450149001082600049002573000012003065010012003185460007003306500016003374920320250311123207.0250311s9999 xx 000 0 und d aNA cPK-LaUMT a346.002645491bCIV- aCivil law cases [CLC, Vol. XLVI, 2024] :bmonthly journal of civil rulings /cedited by Muhammad Azhar, Kashif Zubair and Muhammad Faizan Azhar aLahore,Pakistan:bThe Civil Law Cases,c2024 a3 vols. a3 vols. aEN aCivil cases